000
00269nam a2200133Ia 4500
100
_a
Hannah John
942
_c
BK
654
_a
Mechanics
245
_a
Mechanics Of Machine
260
_b
Edwerd Arnold
082
_a
621.8
_b
Han/Ste
546
_a
ENGLISH
999
_c
26659
_d
26659